[Event "Biel 52nd"]
[Site "Biel"]
[Date "2019.07.22"]
[Round "1"]
[White "Vidit, Santosh Gujrathi"]
[Black "Cori, Jorge Moise"]
[Result "1-0"]
[WhiteElo "2703"]
[BlackElo "2686"]
[Annotator "Vidit,S"]
[PlyCount "79"]
[EventDate "2019.07.22"]
[EventType "tourn"]
[EventRounds "7"]
[EventCountry "SUI"]
[EventCategory "16"]
[SourceTitle "CBM 191"]
[Source "ChessBase"]
[SourceDate "2019.08.31"]
[SourceVersion "1"]
[SourceVersionDate "2019.08.31"]
[SourceQuality "1"]

{[%evp 0,79,25,40,28,-14,6,6,37,28,56,35,14,31,25,16,17,24,15,34,43,31,40,41,
48,48,48,48,43,47,63,48,51,46,42,37,46,51,54,59,40,37,84,31,58,50,50,28,35,45,
42,42,45,42,42,30,28,46,72,27,45,48,83,81,94,62,152,152,420,442,459,466,1400,
1466,1493,1503,1503,1503,1503,1503,1156,1244] The Biel Grandmaster Event this
time had a very unique format. It was a combination of classical, rapid and
blitz. On the 1st day in the rapid section I didn't start well by losing to
Cori Jorge. Eventually I managed to recovere, but was still trailing by 2
points. Hence, this game was extremely important to me from the tournament and
personal point of view!} 1. d4 Nf6 2. c4 e6 3. Nf3 Bb4+ {The Bogo Indian! Cori
Jorge hadn't played much in the last 6 months, so I wasn't sure what to expect.
In fact, his last available game in my database was in December 2018.} 4. Bd2
Qe7 5. g3 O-O (5... Nc6 {is more common.}) 6. Bg2 Bxd2+ 7. Qxd2 d6 8. O-O e5 9.
Nc3 {Black hasn't played the Bogo Indian in the most principled way. White has
the centre and the extra space advantage.} Nc6 10. Nd5 $5 {I thought for about
20 minutes to make this decision. I wanted to be precise and increase my
advantage.} (10. dxe5 {was the other option that I considered. But it didn't
feel right to give up the central control.} dxe5 11. Nd5 Nxd5 (11... Qd6 $5)
12. cxd5 Rd8 13. Rfd1 e4 {I only saw this far. Apparently, Tactically this
line works.} 14. Ng5 $1 f5 15. Qc3 Nb4 16. Qb3 $16) (10. d5 {Closing the
centre didn't appeal to me as black would play Nb8-a5-Na6 and would have easy
play.}) 10... Qd8 (10... Nxd5 11. cxd5 Nxd4 12. Nxd4 exd4 13. Rfe1 Qe5 14. Rac1
Bf5 15. Rc4 $16 {White will collect the d4 pawn and the pile up the major
pieces on the c-file. the c7 pawn is a clear target}) 11. Rfd1 Re8 (11... Bg4
$5 {looked more natural but then the pressure along the d-file would be
annoying.} 12. dxe5 dxe5 13. Qe3 Re8 14. Nb6 axb6 15. Rxd8 Raxd8 16. h3 Bxf3
17. Bxf3 e4 18. Bg2 Nd4 19. Rb1) 12. dxe5 Nxe5 (12... dxe5 13. b4 Qd6 14. b5
Ne7 15. Nxf6+ Qxf6 16. a4 $16) 13. Nxe5 $1 (13. Rac1 {looks normal but runs
into} Ne4 $1 {And now the queen doesn't have any good squares!} 14. Qd4 (14.
Qf4 Ng6 $1) 14... Ng4 15. Rf1 c6 $132 {Clearly White has lost control.}) 13...
Rxe5 (13... dxe5 {During the game this looked more critical. If Black gets c6
in, he will be fine.} 14. Qa5 $1 Nxd5 15. cxd5 Bg4 16. Rac1 $16 {White will
exchange the e2 pawn for c7 and the passed d-pawn should give him a healthy
advantage. But maybe practically this was a better choice as at least Black
has some counterplay. In the game he is left with passive pieces.}) 14. Rac1
Bg4 15. Re1 {Keeping the pressure. Now the plan is simple. Just push e4-f4 and
gain more space.} (15. Ne3 $5 {This looks highly tempting and I tried very
hard to make the tactics work. In hindsight I feel this is also objectively
better.} Qc8 16. Nxg4 (16. c5 $5 {I was mainly trying to use the trick of weak
bank rank} Rxc5 $4 (16... dxc5 17. Nxg4 Nxg4 18. Qf4 g5 19. Qf3 c6 {I didn't
see a follow up, but engine simply suggests doubling of the rooks on the
d-file.} 20. Rd2 $16) 17. Rxc5 dxc5 18. Nxg4 Nxg4 19. Bxb7 $18) 16... Nxg4 17.
Qd4 Nf6 18. c5 Rxc5 19. Rxc5 dxc5 20. Qxc5 {I felt that exchaning too many
pieces will help ease the defense. Although even here due to bad rook on a8,
White keeps a considerable edge.} c6 21. Qe7) 15... Re8 16. Rc3 {Threatening
Nf6+ followed by Bxb7.} (16. b3) 16... Rb8 17. e4 Nd7 18. f4 $16 Be6 19. b3 a5
20. Rce3 {The last couple of moves were normal. Both sides just reshuffled the
pieces. White has a decent advantage, but it's not easy to get any breaks in
the centre yet. Black is quite solid.} Ra8 $6 (20... a4 $1 {Black should have
used the opportunity to open up the a-file. During the game he struggled for
the very same thing!}) 21. Qd4 Rb8 (21... a4 22. b4 c6 23. Nc3 (23. Bf1) 23...
Qb6) 22. Nc3 f6 23. Nb5 {The knight on b5 locks black pieces and also it can
re-route to d4.} Ra8 24. Qd2 {A subtle move. I indirectly prevent a4 as it is
met with a central breakthrough.} Qc8 (24... a4 25. e5 $1 fxe5 26. Bxb7 Rb8 27.
Bc6 $16) 25. Nd4 (25. g4 $5 {Engine's choice! This move didn't come to my mind!
}) 25... Bf7 26. Qc3 $1 {This move might not look anything special, but I am
quite proud of it. I could have started expanding on the kingside, but Black
would have played a4 and got some counterplay. With Qc3 I support the c4 pawn
and keep total control. The most important thing is to not allow unnecessary
play.} Qb8 27. h4 Qa7 28. Bh3 ({Apparently the direct} 28. g4 {g4 was better})
28... Rad8 (28... Nf8 {Cori didn't like e5 here. I would have probably played
Kh2 preparing e5.}) 29. Kh2 Qc5 30. g4 $1 {Now it's not easy to meet the
threat of g5.} Nf8 31. g5 Ng6 32. Rf1 $1 (32. gxf6 Nxf4 {is completely
unnecessary!}) 32... Nxh4 33. gxf6 $18 {There are many moves for Black, but
nothing satisfactory. It's completely winning for White now.} gxf6 (33... g6
34. Qd3 Kh8 35. Bg4) 34. Rg3+ Kf8 35. Ne6+ Bxe6 36. Qxf6+ Bf7 37. Qh6+ Ke7 38.
Qxh4+ Kf8 39. Qh6+ Ke7 40. Rg7 $18 {It felt nice to avenge the loss in rapids!}
1-0

[Event "EU-chT 22nd"]
[Site "Batumi"]
[Date "2019.11.01"]
[Round "8.2"]
[White "Vitiugov, Nikita"]
[Black "McShane, Luke J"]
[Result "1-0"]
[WhiteElo "2732"]
[BlackElo "2682"]
[Annotator "Vitiugov,N"]
[PlyCount "77"]
[EventDate "2019.10.24"]
[EventType "team-swiss"]
[EventRounds "9"]
[EventCountry "GEO"]
[SourceTitle "CBM 193"]
[Source "ChessBase"]
[SourceDate "2019.12.31"]
[SourceVersion "1"]
[SourceVersionDate "2019.12.31"]
[SourceQuality "1"]
[WhiteTeam "Russia"]
[BlackTeam "England"]
[WhiteTeamCountry "RUS"]
[BlackTeamCountry "ENG"]

{The day before I lost to Nisipeanu, we drew with Germany not without luck,
and were leading by 1 point ahead of 3 teams. In team competitions the
pressure is higher when you have White. Add to this endless autumn chess
marathon, yesterday's loss and the crucial moment of the tournament, and you
get my mood before this game.} 1. d4 Nf6 2. c4 e6 3. Nf3 Bb4+ {Recently Luke
started to play Bogoljubov, so I wasn't sure what to expect in the opening.} 4.
Bd2 c5 5. Bxb4 cxb4 6. e3 O-O 7. Bd3 d6 8. O-O {White goes for the safest line
with some positional pressure.} b6 ({Another set up} 8... Nc6 {and then e5.})
9. a3 bxa3 10. Nxa3 Bb7 (10... a5 11. e4 $1 {and White is better.}) 11. Nb5 ({
The alternative was} 11. b4) 11... a5 12. Ne1 $6 {Overcreative.} ({Somehow, I
didn't want to play in a natural way} 12. Re1 Na6 13. e4 Nb4 14. Rc1 $14 {
, thinking that Black gets a lot of counterplay. But White is just better here.
}) 12... Na6 13. Nc2 Qe7 {Here I started to realize that I am not so much
better as I thought.} 14. Qe2 (14. Re1 {isn't better because of} d5) 14... d5
$1 {Smart move. Black doesn't hesitate to lose a tempo.} 15. Nc3 dxc4 (15...
Nb4 {equalized comfortably for Black:} 16. Nxb4 axb4 17. Rxa8 Rxa8 18. Nb1 e5
$1 19. Nd2 dxc4 20. Bxc4 exd4 21. exd4 Qxe2 22. Bxe2 Rd8 $11) 16. Bxc4 Rfc8 17.
Rfd1 Nb4 18. Na3 {White's structure is better, and the more pieces on the
board the better for him.} Ne4 19. Nxe4 Bxe4 20. Rac1 {I liked my position,
but black is doing absolutely ok} Qg5 21. f3 Bd5 {The first step in the wrong
direction. Why give an extra tempo?} (21... Bc6 $13) 22. e4 Bc6 23. Qd2 $1 {
A cultured move. All tactical ideas are cut off, and White secures the better
endgame.} Qxd2 24. Rxd2 $14 Kf8 25. Rc3 Rc7 $6 {Shaky move. I had a strong
feeling that White has some ideas now.} 26. Bf1 {I wasn't sure about this, but
Lyla approves it, and what might be better!} Rac8 27. Nc4 Be8 $2 {Luke was in
time trouble and played this tempting move quickly.} (27... Rb8 $1) 28. d5 {
Now Black is in big trouble.} exd5 29. exd5 Rb8 $6 {Chess is a very
complicated game. Two moves before this was a good move, but now it is a
losing one.} (29... Rd8 $8 30. Nxb6 Rb7 31. Rc8 $16) 30. d6 Rcb7 31. Ne5 $18
Rd8 32. d7 Bxd7 33. Bb5 $1 Bxb5 34. Rxd8+ Ke7 35. Rd1 f6 36. Re3 g5 ({I hoped
for} 36... Nc2 37. Ng6+ Kf7 38. Nh8+ Kg8 39. Rd8+ Be8 40. Rdxe8# {but my
opponent decided to lose prosaically.}) 37. Nc4+ Kf8 38. Rd8+ Kg7 39. Nd6 1-0

[Event "Brno-B"]
[Site "Brno"]
[Date "1993.??.??"]
[Round "4"]
[White "Polak, Tomas"]
[Black "Horvath, Gyula"]
[Result "1/2-1/2"]
[WhiteElo "2410"]
[BlackElo "2450"]
[Annotator "Wahls,M"]
[PlyCount "83"]
[EventDate "1993.08.??"]
[EventType "tourn"]
[EventRounds "9"]
[EventCountry "CZE"]
[EventCategory "9"]
[SourceTitle "CBM 038"]
[Source "ChessBase"]
[SourceDate "1994.02.01"]
[SourceVersion "1"]
[SourceVersionDate "1994.02.01"]
[SourceQuality "1"]

1. d4 Nf6 2. c4 e6 3. Nf3 Bb4+ 4. Bd2 Qe7 5. g3 Nc6 6. a3 $5 {Kein dummer Zug.
Weiß möchte nach dem Tausch auf d2 mit der Dame zurücknehmen ,um den
Damenspringer auf sein aktivstes Feld zu entwickeln.Nach der Haupt-
fortsetzung 6.Lg2 Ld2 7.Dd2? währe 7...Se4 8.Dc2 Db4 sehr unangenehm.} Bxd2+ 7.
Qxd2 d6 8. Bg2 a5 (8... O-O 9. b4 e5 10. d5 Nb8 11. Nc3 Nbd7 (11... a5 12. O-O
axb4 13. axb4 Rxa1 14. Rxa1 Na6) 12. e4 c5 13. O-O (13. dxc6 bxc6 14. Rd1 (14.
O-O Nb6) 14... Qe6 $5) 13... a5 14. Nh4 g6 15. bxa5 Rxa5 16. f4 $13 {Antic,
D-Drasko,M ,Budapest Spring 1990}) 9. Nc3 O-O 10. O-O a4 $6 {Ambitioniert,aber
sehr verpflichtend.} (10... e5 11. d5 Nb8 12. b4 axb4 (12... Bg4) 13. axb4 Rxa1
14. Rxa1 Na6 15. Nb5 (15. Qb2) 15... Ne4 16. Qb2 f5 $10 {Illic,Z-Borne ,Cannes
1989}) 11. Qc2 e5 (11... Bd7 $2 12. Nxa4 Nxd4 13. Nxd4 Bxa4 14. b3 c5 15. Nxe6
$16) 12. dxe5 (12. d5 $5 Na5 (12... Nd4 $2 13. Nxd4 exd4 14. Nb5) 13. Nxa4 (13.
Qxa4 Bd7 14. Nb5 $2 (14. Qb4 c5 15. dxc6 bxc6 $44) 14... c6 15. dxc6 bxc6 16.
Nc7 (16. Nc3 Rfb8) 16... Ra7 17. b4 Qd8) 13... Bd7 14. Nd2 (14. Rfc1 Rfc8)
14... Nxc4 15. Qxc4 Bxa4 16. b3 Be8 17. Rfc1 Rc8 18. Qb4 {Weißer Vorteil.})
12... dxe5 13. Nd5 (13. Nxa4 $2 e4 14. Nd2 $2 (14. Ng5 Nd4 15. Qd1 Rd8 16. Nc3
Nf3+ 17. exf3 Rxd1 18. Raxd1 e3 19. fxe3 Qxe3+ 20. Kh1 Bf5) 14... Nd4 15. Qd1
e3 16. fxe3 Nf5 (16... Qxe3+ 17. Kh1 Rxa4)) 13... Nxd5 14. cxd5 Nb8 15. Rac1 c6
16. Nd2 Bd7 (16... Ra6 17. Rfd1 Bg4 18. Nc4 cxd5 19. Ne3 Be6 20. Nxd5 $16) 17.
Nc4 Ra6 18. Rfd1 $6 (18. d6 $1 Qe6 19. f4 $16) 18... cxd5 19. Bxd5 b5 20. Ne3
Nc6 21. Qe4 (21. Be4 Nd4) 21... Qe8 22. Nf5 Bxf5 23. Qxf5 Nd4 24. Qe4 Kh8 25.
Kh1 f5 26. Qd3 Rh6 27. Bg2 (27. e3 Qh5 28. h4) 27... Qh5 28. h3 Nxe2 29. Rc7
Nd4 30. f4 Ne6 31. Re7 exf4 32. Re1 f3 33. Qxf3 Qxf3 34. Bxf3 Ng5 35. Kg2 Rd6
36. h4 Ne4 37. Bxe4 Rd2+ 38. Kh3 fxe4 39. R1xe4 Rxb2 40. Rf7 Kg8 41. Rb7 h5 42.
Re5 1/2-1/2

[Event "Veterans-Women"]
[Site "Monte Carlo"]
[Date "1994.??.??"]
[Round "11"]
[White "Polgar, Zsuzsa"]
[Black "Ivkov, Borislav"]
[Result "1/2-1/2"]
[WhiteElo "2550"]
[BlackElo "2485"]
[Annotator "Wahls,M"]
[PlyCount "48"]
[EventDate "1994.06.??"]
[EventType "schev"]
[EventRounds "6"]
[EventCountry "MNC"]
[SourceTitle "CBM 042"]
[Source "ChessBase"]
[SourceDate "1994.10.01"]
[SourceVersion "1"]
[SourceVersionDate "1994.10.01"]
[SourceQuality "1"]

1. d4 e6 2. c4 Bb4+ 3. Bd2 Qe7 4. g3 Nf6 5. Nf3 O-O {Häufiger sieht man hier 5.
.Sc6.Nach 6.Lg2 Ld2 ist Weiß dazu gezwungen,seinen Springer auf das
minderwertige Feld d2 zu ziehen(7.Dd2? Se4).} 6. Bg2 Bxd2+ 7. Qxd2 d6 {Wenn
man Ulf Andersson heißt, ist natürlich auch 7..d5 8.0-0 Td8 in Betracht zu
ziehen.} 8. Nc3 e5 9. O-O Re8 10. e4 Bg4 11. Nh4 {11.de5,11.Se1!? und11.d5!
sind möglich,aber nicht Thema unseres heutigen Vor- trags.} Nc6 12. d5 Nd4 13.
Nb5 Nxb5 (13... Be2 $2 14. Nxd4 Bxf1 15. Ndf5 $18) (13... Ne2+ $2 14. Kh1 a6
15. f3 axb5 16. fxg4 (16. Qxe2 Bd7 17. cxb5 g5 18. Nf5 Bxf5 19. exf5 Nxd5 20.
f4 exf4 21. Qxe7 Nxe7 22. gxf4 gxf4 23. Rxf4 d5) 16... Nd4 17. g5) 14. cxb5 Bd7
(14... a6 15. bxa6 Rxa6 16. a4 c5 17. dxc6 Rxc6 (17... bxc6 18. Rfc1 c5 19. b4
Rea8 $1 20. bxc5 dxc5 21. Qc2 Qa7 $1 $10 {V.L.Ivanov-Gipslis,Riga 1993. Lädt
zum kopieren ein.Allerdings weist Gipslis (Inf 59/(533))auf die Möglichkeit 18.
b4 hin.}) 18. Rfc1 Rec8 19. b4 {Razuvaev-Huss Wien 1984.Eine für diese
Variante typische Stellung ist entstanden.Die weiße Damenflügelmehrheit macht
sich unangenehm bemerkbar.}) 15. a4 g6 $1 {Stellt den Sh4 einstweilen kalt.} (
15... a6 16. bxa6 Rxa6 17. a5 (17. Rfc1 $1 {Jusupov}) 17... c6 18. dxc6 Rxc6
19. Rfd1 Rec8 20. b4 {Diese Bauernstruktur ist uns bereits bekannt.Das nun
Folgende hat m.E. exem- plarischen Charakter.} Rc4 21. Nf5 {Wahrscheinlich
kannte Ivkov diese Partie!} Bxf5 22. exf5 d5 23. b5 h5 24. a6 bxa6 25. bxa6 e4
26. Bf1 Rc2 27. Qd4 Ng4 28. a7 {Ich habe es ja immer gesagt..!} Ra8 29. Rdb1
Ne5 30. Qxd5 Nf3+ 31. Kg2 Rxa7 {Lang'währt die Freude nicht...} 32. Rb8+ Kh7
33. f6 gxf6 34. Qxh5+ Kg7 35. Rh8 {Eine Schlüsselpartie.}) 16. Rfc1 Rec8 17.
Ra3 c6 $1 18. bxc6 bxc6 19. dxc6 Rxc6 20. Rxc6 (20. b4 Rxc1+ 21. Qxc1 Rc8 22.
Qd2 Rc4) 20... Bxc6 21. a5 {Weiß befreit den Turm von unwürdigen
Verteidigungsaufgaben,macht dadurch aber den B-Bauern rückständig.} (21. b4 $2
Nxe4 22. Qc2 Qb7) 21... Rb8 (21... Bxe4 $2 22. Bxe4 Nxe4 23. Qd5) (21... Nxe4
22. Qc2 Qb7 23. a6) 22. Re3 Kg7 23. b4 h6 24. Re2 Qe6 {Aufgrund der leicht
entwerteten Damenflügelmehrheit,sowie der Abseitsstellung des weißen
Springwers bevorzuge ich die schwarze Seite.Warum also Remis?Ein kurzer Blick
auf die Elozahlen(differenz) erspart oft mühsames Grübeln!} 1/2-1/2

[Event "Ostrava"]
[Site "Ostrava"]
[Date "1993.??.??"]
[Round "?"]
[White "Vokac, Marek"]
[Black "Gipslis, Aivars P"]
[Result "1/2-1/2"]
[WhiteElo "2465"]
[BlackElo "2505"]
[Annotator "Wahls,M"]
[PlyCount "119"]
[EventDate "1993.09.??"]
[EventType "tourn"]
[EventRounds "9"]
[EventCountry "CZE"]
[EventCategory "10"]
[SourceTitle "CBM 038"]
[Source "ChessBase"]
[SourceDate "1994.02.01"]
[SourceVersion "1"]
[SourceVersionDate "1994.02.01"]
[SourceQuality "1"]

1. d4 Nf6 2. c4 e6 3. Nf3 Bb4+ 4. Bd2 Qe7 5. g3 Nc6 6. Bg2 Bxd2+ 7. Nbxd2 d6 8.
O-O a5 9. e4 O-O (9... e5) 10. d5 Nb8 11. Ne1 (11. dxe6 Bxe6 12. Nd4 (12. Qb3
Nbd7 13. Rfe1 Rfd8 14. Nd4 Nc5 15. Qc3 Nfd7 16. f4 $14 {Vladimirov,E-Gipslis,A
,SSSR 1985}) 12... Nbd7 13. Re1 Nc5 14. Qc2 c6 15. Nf1 Rfe8 16. Rad1 Qc7 17.
Ne3 $14 {Haik-Sharif ,Cannes 1987}) 11... e5 {Durch Zugumstellung ist eine
Stellung aus der Hauptvariante(9...e5 10.d5 Sb8 11.Se1) entstanden.} 12. Nd3
Na6 (12... Bg4) 13. Nb1 $5 (13. Qc2 c6 14. Qc3 cxd5 15. cxd5 Bd7 16. Rfc1 Bb5
17. Bf1 Bxd3 $10) (13. a3 Bg4 14. f3 Bd7 15. b4 axb4 16. axb4 c6 17. dxc6 bxc6
18. Qb3 $14) (13. f4 c6 (13... Nd7 14. f5 c6 15. Rf2 f6 16. b3 Ndc5 17. Nxc5
Nxc5 18. Nb1 Na6 19. Nc3 c5 20. Bf3 $14) 14. Qb3 Nd7 15. Qa3 Nac5 16. Nxc5 Nxc5
17. b4 Nd7 18. Rac1 c5 19. b5 g6 20. Rce1 $14) 13... Bg4 {Neuerung.} (13... c6
14. dxc6 bxc6 15. Nc3 Nb4 16. b3 Rd8 17. a3 Nxd3 18. Qxd3 {0,5-0.5 Illic,
Z-Mednis,E ,Belgrade GMA-op 1988}) 14. Qd2 Nc5 15. Nxc5 dxc5 16. Nc3 Ne8 17. f4
Bd7 18. f5 a4 19. Rf2 f6 20. Bf1 Nd6 21. Bd3 Rfb8 22. Rc1 b5 $5 23. Nxb5 Nxb5
24. cxb5 Bxb5 25. Bxb5 Rxb5 {Die Schwächen b2 und e4,sowie die unsichere weiße
Königsstellung dürften dem Schwarzen das Remis garantieren.} 26. Rc4 Qd6 27.
Qc2 Rb4 28. Rxb4 cxb4 29. Kg2 Qb6 30. Qc4 Kf8 31. Rc2 b3 32. axb3 axb3 33. Rc3
Ra2 34. Rxb3 Rxb2+ 35. Rxb2 Qxb2+ 36. Kh3 Qb6 37. Qa4 Qe3 38. Qd7 Qh6+ 39. Kg4
Qxh2 40. Qd8+ Kf7 41. Qxc7+ Kf8 42. Qb8+ Kf7 43. Qb7+ Kf8 44. Qb4+ Kf7 45. Kf3
Qh1+ 46. Ke3 Qg1+ 47. Kd3 Qxg3+ 48. Kc4 Qe3 49. Qb7+ Ke8 50. Qc8+ Ke7 51. Qc7+
Ke8 52. Qc6+ Kd8 53. Qd6+ Ke8 54. Qe6+ Kf8 55. Kb5 Qxe4 56. Qc8+ Kf7 57. Qc7+
Ke8 58. Qc8+ Kf7 59. Qc7+ Ke8 60. Qc8+ 1/2-1/2